Goal - student book 1
Sparad:
| Huvudupphovsman: | |
|---|---|
| Materialtyp: | Bok |
| Språk: | Undetermined |
| Publicerad: |
New YorK
McGraw-Hill
1996
|
| Ämnen: | |
| Taggar: |
Lägg till en tagg
Inga taggar, Lägg till första taggen!
|
| Thư viện lưu trữ: | Trung tâm Học liệu Trường Đại học Cần Thơ |
|---|
| LEADER | 00525nam a2200193Ia 4500 | ||
|---|---|---|---|
| 001 | CTU_54666 | ||
| 008 | 210402s9999 xx 000 0 und d | ||
| 020 | |b 30000 | ||
| 082 | |a 428.24 | ||
| 082 | |b S237/T1 | ||
| 100 | |a Manuel C. R. dos Santos | ||
| 245 | 0 | |a Goal - student book 1 | |
| 245 | 0 | |c Manuel C. R. dos Santos | |
| 260 | |a New YorK | ||
| 260 | |b McGraw-Hill | ||
| 260 | |c 1996 | ||
| 650 | |a english language | ||
| 650 | |x textbooks for foreign speakers | ||
| 980 | |a Trung tâm Học liệu Trường Đại học Cần Thơ | ||